00492cam a2200181ua 45000010005000000080039000050200018000440400009000620410008000710820008000791000030000872450083001172500009002002600031002093000010002406530037002506530023002879165150223n ii |||gr||||Z||||||eng a9788179774847 cMAIN aeng a809 aAgarwalla, S.S.,eAuthor.1 aModern literary criticism and contemporary literary theorycBy S. S. Agarwalla a1st. aBareilly:bPrakash,c2013. a196p. aHistory, description & criticism aLiterary criticism